| 000 | 00664nam a2200217 a 4500 | ||
|---|---|---|---|
| 001 | 000044976 | ||
| 003 | DO-SdBNP | ||
| 005 | 20220825152759.0 | ||
| 007 | ta | ||
| 008 | 150127s1948 dr 000 spa d | ||
| 040 |
_aDO-SdBNP _bspa _cBNPHU |
||
| 082 |
_axxxx _bS211 |
||
| 100 | 1 |
_aSánchez, Juan Francisco _97332 |
|
| 245 | 1 | 4 |
_aLas Enseñanzas de Krishnamurti. / _cJuan Francisco Sánchez. |
| 260 |
_aSanto Domingo, : _bPol Hernmanos, _c1948. |
||
| 300 |
_a48 p. ; _c19 cm. |
||
| 500 | _aConferencia dictada ante el grupo "Acción Teosófica" el dia 18 de febrero del 1948. | ||
| 590 | _aInventariado, 2022/ YL | ||
| 910 | _aYLockward | ||
| 942 |
_2ddc _cLF2 |
||
| 999 |
_c44465 _d44465 |
||